Sanat - "Minä liityin sinuun" - Mariska - Statistics

Yleistilastot
  • Tätä visaa on pelattu 29 kertaa
  • Keskiarvotulos 102 / 153
Vastaustilastot
Vastaus % Oikein
ja
100%
Ja
100%
Kun
100%
Liittyi
100%
minä
100%
sen
100%
sinuun
100%
liityin
94%
niin
94%
Ra
94%
Zeus
94%
häitämme
89%
kunniaa
89%
nuori
89%
Oli
89%
tanssittiin
89%
Teki
89%
ihmisiin
83%
jumalat
83%
Me
83%
meidän
83%
pappeina
83%
taivas
83%
viel
83%
Viel
83%
kerubit
78%
maa
78%
Toimi
78%
niias
67%
oo
67%
se
67%
Ei
61%
ei
61%
jo
61%
tää
61%
tuho
61%
tuli
61%
Vedet
61%
ensimmäinen
56%
56%
seistiin
56%
vierekkäin
56%
elämää
50%
Et
50%
Jos
50%
kerran
50%
mua
50%
oot
50%
paratiisi
50%
Pompeijiin
50%
Silloin
50%
tuhat
50%
väistyi
50%
vastaan
50%
ainoastaan
44%
avattiin
44%
kerrotaan
44%
kuulijalle
44%
ollaan
44%
täällä
44%
yhden
44%
hautauduttiin
39%
muistan
39%
sylikkäin
39%
haittaa
33%
kaiken
33%
Käy
33%
kestää
33%
kuollaan
33%
laulu
33%
On
33%
osaan
33%
synnytään
33%
valehtelemaan
33%
kävellyt
28%
kohdataan
28%
meit
28%
odottaa
28%
pitkämielinen
28%
rakkaus
28%
yhdistää
28%
kiire
22%
lupaus
22%
mihinkään
22%
saa
22%
taas
22%
toinen
22%
onnekas
17%
sut
17%
vanha
17%
erossa
6%
Mul
6%
Ehtoja vastaavia visoja ei löytynyt
Tulosjakauma
Jokaisen tuloksen saaneiden osuus
Persentiili vastausten määrän mukaan
Tuloshistoriasi
Et ole pelannut tätä visaa